000 01429nam a2200337 a 4500
001 vtls001163917
003 NLI
005 20210603152643.0
008 120327s{N.d} ii 000 1 ori
020 _cRs. 1.50
039 9 _y201203271642
_zVLOAD
040 _aNLI
_borieng
_cDatasoft_Oriya
_eAACR2
041 1 _aori
044 _a ii
082 0 4 _a 891.443
100 1 _6880-01
_aଚଟ୍ଟୋପାଧ୍ୟାୟ, ଶରତ ଚନ୍ଦ୍ର
_9491184
245 1 0 _6880-02
_aବିରାଜ- ବୋହୂ /
_cଶରତ ଚନ୍ଦ୍ର ଚଟ୍ଟୋପାଧ୍ୟାୟ ; ଅନୁବାଦକ ସୁରେନ୍ଦ୍ର ଚନ୍ଦ୍ର ମହାନ୍ତି
260 _aକଟକ :
_bକୁମାର ବୁକ ଡିପୋ,
_c{N.d}
300 _a108 p. ;
_c18 cm.
650 0 _aBengali fiction
_xTranslations into Oriya
_9491530
700 1 _6880-03
_aମହାନ୍ତି, ସୁରେନ୍ଦ୍ର ଚନ୍ଦ୍ର,
_4trl
_9204284
880 1 0 _6245-02(B
_aBirāja -bohu /
_cŚarata Candra Caṭṭopādhyāyai ; translated by ; S̱urendra Candra Mahānti
880 1 _6100-01(B
_aCaṭṭopādhyāya, Śarata Candra
880 _6700-03(B
_aMahānti,Surendra Candra
_4trl
887 _a 23.01.2012
901 _a315
_b05.05.1955
902 _aOr 891.443 C 489 b
904 _c23.01.2012
_lOr 543
_ztapaswini
942 _2ddc
_cBKS
949 _AVIRTUAITEM
_D10000
_X100
_6DBA000000315ORI
999 _aVIRTUA40
_c470692
_d470692